<?xml version="1.0" encoding="UTF-8"?>
<record
    xmlns:xsi="http://www.w3.org/2001/XMLSchema-instance"
    xsi:schemaLocation="http://www.loc.gov/MARC21/slim http://www.loc.gov/standards/marcxml/schema/MARC21slim.xsd"
    xmlns="http://www.loc.gov/MARC21/slim">

  <leader>00732nam a22001937a 4500</leader>
  <controlfield tag="005">20250304090932.0</controlfield>
  <controlfield tag="008">250227b     mx |||||||| |||| 00| 0 spa d</controlfield>
  <datafield tag="050" ind1="0" ind2="4">
    <subfield code="a">F1230</subfield>
    <subfield code="b">D53 1974</subfield>
  </datafield>
  <datafield tag="100" ind1="1" ind2=" ">
    <subfield code="a">D&#xED;az del Castillo, Bernal,</subfield>
    <subfield code="d">1496-1584</subfield>
  </datafield>
  <datafield tag="245" ind1="1" ind2="0">
    <subfield code="a">Historia verdadera de la conquista de la nueva Espa&#xF1;a</subfield>
    <subfield code="c"> / Bernal D&#xED;az del Castillo ; introducci&#xF3;n y notas de Joaqu&#xED;n Ram&#xED;rez Caba&#xF1;as</subfield>
  </datafield>
  <datafield tag="250" ind1=" " ind2=" ">
    <subfield code="a">10a ed.</subfield>
  </datafield>
  <datafield tag="260" ind1=" " ind2=" ">
    <subfield code="a">M&#xE9;xico : </subfield>
    <subfield code="b">Porr&#xFA;a, </subfield>
    <subfield code="c">1974</subfield>
  </datafield>
  <datafield tag="300" ind1=" " ind2=" ">
    <subfield code="a">xxxi,  700 p. ;  </subfield>
    <subfield code="b">il. ; </subfield>
    <subfield code="c">22 cm.</subfield>
    <subfield code="e"> + 1 mapa plegable</subfield>
  </datafield>
  <datafield tag="490" ind1="0" ind2=" ">
    <subfield code="a">Sepan Cu&#xE1;ntos...;</subfield>
    <subfield code="v">5</subfield>
  </datafield>
  <datafield tag="500" ind1=" " ind2=" ">
    <subfield code="a">Incluye &#xED;ndice</subfield>
  </datafield>
  <datafield tag="651" ind1=" " ind2="7">
    <subfield code="2">lemb</subfield>
    <subfield code="a">M&#xE9;xico </subfield>
    <subfield code="x">Historia</subfield>
    <subfield code="x">Conquista, 1519-1540</subfield>
  </datafield>
  <datafield tag="700" ind1="1" ind2=" ">
    <subfield code="a">Ram&#xED;rez Caba&#xF1;as, Joaquin,</subfield>
    <subfield code="q">prologuista</subfield>
  </datafield>
  <datafield tag="942" ind1=" " ind2=" ">
    <subfield code="2">lcc</subfield>
    <subfield code="c">LIB</subfield>
  </datafield>
  <datafield tag="999" ind1=" " ind2=" ">
    <subfield code="c">94989</subfield>
    <subfield code="d">94989</subfield>
  </datafield>
  <datafield tag="952" ind1=" " ind2=" ">
    <subfield code="1">0</subfield>
    <subfield code="2">lcc</subfield>
    <subfield code="4">0</subfield>
    <subfield code="7">0</subfield>
    <subfield code="a">LIC-046</subfield>
    <subfield code="b">LIC-046</subfield>
    <subfield code="c">GENERAL</subfield>
    <subfield code="d">2015-06-10</subfield>
    <subfield code="e">DON</subfield>
    <subfield code="f">10a ed.</subfield>
    <subfield code="h">LLH000006481</subfield>
    <subfield code="k">EH</subfield>
    <subfield code="o">F1230 D53 1974</subfield>
    <subfield code="p">LLH000006481</subfield>
    <subfield code="r">2015-06-10 00:00:00</subfield>
    <subfield code="t">C:2</subfield>
    <subfield code="y">LIB</subfield>
    <subfield code="z">General</subfield>
  </datafield>
  <datafield tag="952" ind1=" " ind2=" ">
    <subfield code="1">0</subfield>
    <subfield code="2">lcc</subfield>
    <subfield code="4">0</subfield>
    <subfield code="7">0</subfield>
    <subfield code="a">BACH-003</subfield>
    <subfield code="b">BACH-003</subfield>
    <subfield code="c">GENERAL</subfield>
    <subfield code="d">2025-02-27</subfield>
    <subfield code="f">10a ed.</subfield>
    <subfield code="k">CSA</subfield>
    <subfield code="l">0</subfield>
    <subfield code="o">F1230 D53 1974</subfield>
    <subfield code="p">BPCS000003827</subfield>
    <subfield code="r">2025-02-27 09:06:32</subfield>
    <subfield code="t">1</subfield>
    <subfield code="v">1.00</subfield>
    <subfield code="y">LIB</subfield>
  </datafield>
</record>
